| 000 | 00548nam a22001937a 4500 | ||
|---|---|---|---|
| 005 | 20151106130304.0 | ||
| 010 | _aPUN-7785 | ||
| 020 | _c150.00 | ||
| 035 | _aPN-6903 | ||
| 037 | _aunistar books | ||
| 082 | _a851 | ||
| 100 | _aਗੁਰਚਰਨ ਨੂਰਪੁਰ | ||
| 245 | _aਸੁਪਨੇ ਜੇਕਰ ਬੀਜਣੇ | ||
| 246 |
_aSupne Jekar Bejne _bby Gurcharan Noorpur |
||
| 250 | _a2012 | ||
| 260 |
_aChandigarh _bUnistar Books |
||
| 300 |
_aPg.112 _b22cmਸਜਿਲਦ |
||
| 942 |
_2ddc _cPN _h851 _kਗੁਰਚ |
||
| 999 |
_c98111 _d98111 |
||